Anglo-russkij ekonomičeskij slovar' učebnyj

Gespeichert in:
Bibliographische Detailangaben
Format: Buch
Sprache:Russisch
Englisch
Veröffentlicht: Moskva Universitet 1976
Tags: Tag hinzufügen
Keine Tags, Fügen Sie das erste Tag hinzu!

MARC

LEADER 00000nam a2200000 4500
001 c120375
005 20180130090316.0
041 0 |a rus 
041 0 |a eng 
044 |a RU 
245 1 0 |a Anglo-russkij ekonomičeskij slovar'  |b učebnyj 
264 1 |a Moskva  |b Universitet  |c 1976 
300 |a 334 s.